Il principio del dolore /
Salvato in:
| Autore principale: | |
|---|---|
| Altri autori: | |
| Natura: | Libro |
| Lingua: | italiano |
| Pubblicazione: |
Torino :
Einaudi,
°2003!
|
| Serie: | Einaudi tascabili ;
1074 |
| Tags: |
Nessun Tag, puoi essere il primo ad aggiungerne!!
|
MARC
| LEADER | 00000nam a2200000 i 4500 | ||
|---|---|---|---|
| 001 | IT\ICCU\FER\0188149 | ||
| 003 | ItRI | ||
| 005 | 20250828215433.0 | ||
| 008 | 030306s2003 it |||||| ||||| |||||c | ||
| 015 | |2 IT |a 2004-4296 | ||
| 020 | |a 8806165062 | ||
| 040 | |b ita |c ct | ||
| 041 | 7 | |a ita |2 ISO-639-2 | |
| 082 | |a 813.6 |2 21 | ||
| 100 | 1 | |a Haslett, Adam |0 IT\ICCU\FERV\076645 |4 aut | |
| 240 | 1 | 0 | |a You are not a stranger here. |9 Haslett, Adam |
| 245 | 1 | 3 | |a Il principio del dolore / |c Adam Haslett ; traduzione di Giovanna Granato. |
| 260 | |a Torino : |b Einaudi, |c °2003! | ||
| 300 | |a 222 p. ; |c 21 cm. | ||
| 700 | 1 | |a Granato, Giovanna |0 IT\ICCU\BVEV\028365 | |
| 830 | 0 | |a Einaudi tascabili ; |v 1074 |0 IT\ICCU\CFI\0163201 | |
| 942 | |2 ddc |c BK | ||
| 952 | |0 0 |1 0 |2 ddc |4 0 |6 LNR_03HASADPRI12 |7 0 |9 5487 |a MI |b MI |d 2009-09-14 |i 5621 |l 0 |o LNR03-HASAD-PRI12 |p CDOM5621 |r 2025-07-13 16:27:00 |w 2025-07-13 |x DONO |y BK | ||
| 952 | |0 0 |1 0 |2 ddc |4 0 |6 LNR_03HASADPRI11 |7 0 |9 5488 |a MI |b MI |d 2005-09-14 |i 4606 |l 0 |o LNR03-HASAD-PRI11 |p CDOM4606 |r 2025-07-13 16:27:00 |w 2025-07-13 |x ACQUISTO |y BK | ||
| 981 | 1 | |6 z01 |a i |b xxxe | |
| 982 | 1 | |6 z01 |a n | |
| 999 | |c 4377 |d 4377 | ||